| 000 | 00484nam a2200181 a 4500 | ||
|---|---|---|---|
| 005 | 20140412111416.0 | ||
| 008 | 070809s19uu xx 00 eng d | ||
| 020 | _a0-590-42996-5 | ||
| 050 |
_aTR(PS) E _bIw9 1986 |
||
| 100 | _aMaris, Ron | ||
| 245 |
_aI wish I could fly / _cby Ron Maris. |
||
| 260 |
_aNew York : _bScholastic, _cc1986. |
||
| 300 | _a[unp.] : col. , ill. ; cm. | ||
| 500 | _afiction | ||
| 520 | _aAnimals | ||
| 650 |
_aIndividuality _xfiction |
||
| 999 |
_c105834 _d105834 |
||